[Event "FRA-chT U20 16 GP Basse 1011"]
[Site "France"]
[Date "2011.06.12"]
[Round "9"]
[White "Coulet, Axel"]
[Black "Kantzer, Romain"]
[Result "0-1"]
[WhiteElo "1350"]
[BlackElo "1460"]
[PlyCount "44"]
[EventDate "2010.06.20"]
[EventType "team-tourn"]
[EventRounds "11"]
[EventCountry "FRA"]
[SourceTitle "EXT 2015"]
[Source "ChessBase"]
[SourceDate "2014.11.20"]
[SourceVersion "1"]
[SourceVersionDate "2014.11.20"]
[SourceQuality "1"]
[WhiteTeam "Paris AECE (U20)"]
[BlackTeam "Bischwiller (U20)"]
[WhiteTeamCountry "FRA"]
[BlackTeamCountry "FRA"]

1. d4 d5 2. c4 e6 3. Nc3 Nf6 4. Nf3 c6 5. Bg5 Be7 6. e3 h6 7. Bh4 Nbd7 8. Bd3 0-0 9. 0-0 b6 10. Bc2 Bb7 11. Qd3 c5 12. Ne5 dxc4 13. Nxc4 cxd4 14. exd4 Ba6 15. b3 Rc8 16. Ne4 Bb7 17. Nxf6+ Nxf6 18. Bxf6 g6 19. Bxe7 Qxe7 20. Qe3 h5 21. Qg5 Qd7 22. f4 Qxd4+ 0-1

[Event "FRA-chTA U20 1011"]
[Site "France"]
[Date "2010.12.19"]
[Round "7.10"]
[White "Hebert, Floriane"]
[Black "Coulet, Axel"]
[Result "1-0"]
[WhiteElo "1419"]
[BlackElo "1190"]
[PlyCount "117"]
[EventDate "2010.11.21"]
[EventType "team-tourn"]
[EventRounds "7"]
[EventCountry "FRA"]
[SourceTitle "EXT 2012"]
[Source "ChessBase"]
[SourceDate "2011.11.24"]
[SourceVersion "1"]
[SourceVersionDate "2011.11.24"]
[SourceQuality "1"]
[WhiteTeam "Hyeres"]
[BlackTeam "AECE"]
[WhiteTeamCountry "FRA"]
[BlackTeamCountry "FRA"]

1. e4 e6 2. Nc3 d5 3. exd5 exd5 4. d4 Nf6 5. Nf3 Nc6 6. Bg5 Be7 7. Bb5 0-0 8. h3 h6 9. Bf4 a6 10. Bxc6 bxc6 11. Ne5 Qd6 12. 0-0 Nh5 13. Qxh5 Be6 14. Qe2 f6 15. Ng6 Qd7 16. Nxf8 Rxf8 17. Qf3 c5 18. dxc5 Bxc5 19. Rfd1 g5 20. Bh2 g4 21. hxg4 Bxg4 22. Qxd5+ Qxd5 23. Rxd5 Bb6 24. Kf1 Be6 25. Rd2 Bc4+ 26. Kg1 f5 27. b3 Ba5 28. Rd7 Bxc3 29. Rad1 Be2 30. R1d5 Bb5 31. Rd8 Be8 32. Bxc7 Bf6 33. Bd6 Bxd8 34. Bxf8 Kxf8 35. Rxd8 Ke7 36. Rd4 Bg6 37. c4 f4 38. Rxf4 Bb1 39. a4 Ba2 40. b4 Bb3 41. a5 Kd6 42. b5 axb5 43. cxb5 Bd5 44. Rd4 Kc5 45. Rxd5+ Kxd5 46. a6 Kc5 47. a7 Kxb5 48. a8Q Kc5 49. Qd8 h5 50. Kf1 h4 51. Ke1 Kc4 52. f4 Kc5 53. f5 Kc6 54. f6 Kc5 55. f7 Kc4 56. f8Q Kc3 57. Qc5+ Kb3 58. Qb8+ Ka4 59. Qcb4# 1-0